| 000 | 00414cam a2200169 4500 | ||
|---|---|---|---|
| 001 | D14035 | ||
| 008 | 090401t1899 xxu||||| |||| 00| 0 eng d | ||
| 035 | _a(Sirsi) u94616 | ||
| 041 | _aeng | ||
| 100 | _aTerry, G.P.Terry | ||
| 245 | 4 | _aThe London Government Act, 1899: with explanatory notes | |
| 260 |
_aLondon _bButterworth _c1899 |
||
| 350 | _a0 | ||
| 520 | _aShelf 136 | ||
| 942 | _n0 | ||
| 948 | _c04/03/1997 | ||
| 999 |
_c98096 _d98096 |
||